00416nam a2200157Ia 45000010006000000050017000060080041000230410008000640820017000721000036000892450076001252600009002013000032002106500008002426540008002502255720260414150839.0260414t2014||||xx |||||||||||||| ||spa|| aESP a621.382bM58 aMillán Esteller, Juan M.eAUT 0aConfiguración de infraestructuras de sistemas de telecomunicacionesb c2014 axi, 411 páginas :c27 cm. aTCA aCET